| 000 | 00404pam a2200157a 44500 | ||
|---|---|---|---|
| 008 | 230515b2006 xxu||||| |||| 00| 0 eng d | ||
| 020 | _a81-8061-617-7 | ||
| 041 | _aENGLISH | ||
| 082 | _a610.73 | ||
| 100 | _aRAJESHWARI VAIDYANATHAN | ||
| 245 | _aMCQS 3 IN 1 BASIC HEALTH NURSING | ||
| 250 | _a1 | ||
| 260 |
_a _bJAYPEE BROTHERS MEDICAL PUBLISHERS (P) LTD. _c2006 |
||
| 300 | _a115 | ||
| 650 | _aNULL | ||
| 999 |
_c507572 _d507572 |
||